000 00497nam a2200181Ia 4500
005 20250508151730.0
008 008 250505s9999 xx 000 0 eng d
037 _aTextual
040 _aFEDL
_beng
_cFEDL
041 _aeng
_2eng
084 _a901, RAD
_qFEDL
100 _aRadhakrishnan
245 0 _aEast and west : Some reflections
260 _aLondon, UK
_bGeorge Allen and Unwin Limited
_c1955
300 _a140p.
942 _cTEXL
_h901, RAD
999 _c1331773
_d1331773